000 00712nam a2200229 u 4500
005 20240831063738.0
008 110901s2003 r 000 0 eng d
020 _a8426349188
035 _aUPN01000181642
049 _aI
050 4 _aPZ78
_bG6.23 2003
100 1 _aGómez Cerdá, Alfredo,
_d1951-
_931112
245 1 0 _aAndrea y el cuarto rey mago /
_cAlfredo Gómez Cerdá ; il. Xan López Domínguez.
250 _a2a ed.
260 _aZaragoza, Esp. :
_bEdelvives,
_c2003.
300 _a71 p. :
_bil.
440 0 _aAla delta ;
_v20.
_pRoja
650 4 _aCuentos infantiles españoles
_97725
650 4 _aREYES Y GOBERNANTES -
_vLITERATURA INFANTIL
_911040
905 _aInfantil
999 _c153745
_d153745